[Event "North American op 24th"]
[Site "Las Vegas"]
[Date "2014.12.29"]
[Round "8"]
[White "Sinha, Sahil"]
[Black "Winer, Steven"]
[Result "1/2-1/2"]
[WhiteElo "2063"]
[BlackElo "2380"]
[PlyCount "45"]
[EventDate "2014.12.26"]
[EventType "swiss"]
[EventRounds "9"]
[EventCountry "USA"]
[SourceTitle "CBM 164 Extra"]
[Source "ChessBase"]
[SourceDate "2015.03.02"]
[SourceVersion "1"]
[SourceVersionDate "2015.03.02"]
[SourceQuality "1"]

1. d4 d5 2. c4 c6 3. cxd5 cxd5 4. Nc3 Nc6 5. Nf3 Nf6 6. Bf4 a6 7. e3 Bg4 8. Be2 e6 9. 0-0 Be7 10. h3 Bxf3 11. Bxf3 0-0 12. Rc1 Rc8 13. Qd2 b5 14. a3 Qb6 15. Nb1 Na5 16. Rxc8 Rxc8 17. Rc1 Rxc1+ 18. Qxc1 Qc6 19. Qxc6 Nxc6 20. Nd2 Ne8 21. Kf1 Bd6 22. Bxd6 Nxd6 23. b3 1/2-1/2

[Event "North American op 24th"]
[Site "Las Vegas"]
[Date "2014.12.27"]
[Round "3"]
[White "Winer, Steven"]
[Black "Hilby, Craig"]
[Result "1/2-1/2"]
[WhiteElo "2380"]
[BlackElo "2219"]
[PlyCount "76"]
[EventDate "2014.12.26"]
[EventType "swiss"]
[EventRounds "9"]
[EventCountry "USA"]
[SourceTitle "CBM 164 Extra"]
[Source "ChessBase"]
[SourceDate "2015.03.02"]
[SourceVersion "1"]
[SourceVersionDate "2015.03.02"]
[SourceQuality "1"]

1. Nf3 Nf6 2. c4 c5 3. Nc3 Nc6 4. g3 d5 5. cxd5 Nxd5 6. Bg2 Nc7 7. 0-0 e5 8. d3 Be7 9. Nd2 0-0 10. Nc4 f6 11. Bxc6 bxc6 12. Qa4 Bh3 13. Rd1 Qd7 14. Be3 Nb5 15. Na5 Nd4 16. Nb3 Kh8 17. Qc4 Qg4 18. Bxd4 cxd4 19. f3 Qh5 20. Ne4 f5 21. Nf2 Rf6 22. Qa6 Rh6 23. Qb7 Re8 24. Qd7 Rd6 25. Qc7 Rh6 26. Rac1 c5 27. Qd7 Bg5 28. Rxc5 Be3 29. Rc8 Rg8 30. Qd8 Qf7 31. Na5 f4 32. Qxg8+ Qxg8 33. Rxg8+ Kxg8 34. Nc4 Be6 35. Nxe3 fxe3 36. Ne4 Bxa2 37. Ra1 Bd5 38. Ra5 Bxe4 1/2-1/2

[Event "USA tt"]
[Site "ICC INT"]
[Date "2014.10.21"]
[Round "9"]
[White "Barbosa, Oliver"]
[Black "Winer, Steven"]
[Result "1-0"]
[WhiteElo "2551"]
[BlackElo "2382"]
[PlyCount "183"]
[EventDate "2014.08.26"]
[EventType "team-tourn"]
[EventRounds "10"]
[EventCountry "USA"]
[SourceTitle "EXT 2015"]
[Source "ChessBase"]
[SourceDate "2014.11.20"]
[SourceVersion "1"]
[SourceVersionDate "2014.11.20"]
[SourceQuality "1"]
[WhiteTeam "Connecticut"]
[BlackTeam "New England"]
[WhiteTeamCountry "USA"]
[BlackTeamCountry "USA"]

1. d4 d5 2. Bg5 h6 3. Bh4 c6 4. Nf3 Qb6 5. Qc1 Bf5 6. e3 e6 7. c4 Be7 8. Bg3 Nf6 9. Nc3 Ne4 10. Nxe4 Bxe4 11. Nd2 Bh7 12. Be2 Nd7 13. 0-0 0-0 14. a3 c5 15. b4 cxd4 16. c5 Nxc5 17. bxc5 Bxc5 18. exd4 Bxd4 19. Bc7 Qb2 20. Qxb2 Bxb2 21. Ra2 Rfc8 22. Rxb2 Rxc7 23. f4 Rac8 24. Rf3 b6 25. Bd3 Bxd3 26. Rxd3 Rc3 27. Rxc3 Rxc3 28. a4 g5 29. fxg5 hxg5 30. Nf3 g4 31. Ne5 f5 32. a5 bxa5 33. Rb7 a4 34. Rxa7 a3 35. Kf2 f4 36. Nxg4 d4 37. h4 d3 38. Nf6+ Kf8 39. Ne4 Rc2+ 40. Kf3 a2 41. h5 d2 42. Nf2 e5 43. h6 Kg8 44. Ke4 d1Q 45. Nxd1 Rxg2 46. Nc3 Rh2 47. Nd5 Rxh6 48. Rxa2 f3 49. Kxf3 e4+ 50. Kxe4 Kf7 51. Ra7+ Kg6 52. Ke5 Rh5+ 53. Ke6 Rh1 54. Ne7+ Kg5 55. Ra5+ Kf4 56. Ng6+ Ke3 57. Kd5 Rh5+ 58. Ne5 Rh8 59. Ra3+ Ke2 60. Nc6 Rh5+ 61. Kc4 Rh8 62. Nd4+ Kf2 63. Rf3+ Kg2 64. Rf7 Rg8 65. Kd3 Re8 66. Nf5 Ra8 67. Ke3 Ra3+ 68. Ke4 Ra4+ 69. Nd4 Ra3 70. Rg7+ Rg3 71. Ra7 Rg4+ 72. Ke3 Rg3+ 73. Kf4 Rg8 74. Ra2+ Kf1 75. Nf5 Ke1 76. Ng3 Kd1 77. Ne4 Kc1 78. Ke3 Rd8 79. Rh2 Ra8 80. Nc5 Rd8 81. Nd3+ Kb1 82. Rb2+ Ka1 83. Rb7 Ka2 84. Kd2 Ka3 85. Kc3 Rc8+ 86. Kd4 Ka2 87. Nc5 Rh8 88. Kc3 Rc8 89. Rb5 Rc7 90. Kc2 Ka3 91. Kb1 Rb7 92. Nxb7 1-0

[Event "USA tt playoff"]
[Site "ICC INT"]
[Date "2013.11.05"]
[Round "1"]
[White "Winer, Steven"]
[Black "Rohde, Michael A"]
[Result "1/2-1/2"]
[WhiteElo "2382"]
[BlackElo "2453"]
[PlyCount "163"]
[EventDate "2013.11.05"]
[EventType "team-k.o."]
[EventRounds "3"]
[EventCountry "USA"]
[SourceTitle "EXT 2014"]
[Source "ChessBase"]
[SourceDate "2013.11.20"]
[SourceVersion "1"]
[SourceVersionDate "2013.11.20"]
[SourceQuality "1"]
[WhiteTeam "New England"]
[BlackTeam "Connecticut"]
[WhiteTeamCountry "USA"]
[BlackTeamCountry "USA"]

1. d4 Nf6 2. c4 e6 3. Nc3 Bb4 4. Qc2 c5 5. dxc5 0-0 6. a3 Bxc5 7. Nf3 b6 8. Bf4 Nh5 9. Bg5 Be7 10. h4 Bb7 11. e4 Na6 12. Be2 h6 13. Be3 Nf6 14. e5 Ng4 15. Bd4 Rc8 16. Rd1 Nb8 17. Ne4 Nc6 18. Bc3 Na5 19. Rd4 f5 20. Nd6 Bxd6 21. exd6 Be4 22. Rxe4 fxe4 23. Qxe4 Nf6 24. Qd4 Nb3 25. Qd1 Nc5 26. Ne5 Nfe4 27. Bd4 Nb7 28. Ng6 Nbxd6 29. Nxf8 Qxf8 30. Be3 Nxc4 31. Bxc4 Rxc4 32. Qxd7 Qf5 33. 0-0 Nf6 34. Qxa7 Nd5 35. Qb8+ Kh7 36. Qg3 Rg4 37. Qh3 Qe4 38. Re1 Rxh4 39. Qf3 Qxf3 40. gxf3 Rc4 41. Rd1 Kg6 42. Rd3 Kf5 43. Rb3 Rc6 44. Rb5 Ke5 45. Kg2 Kd6 46. Kg3 Rc2 47. a4 Kc6 48. b3 Rc3 49. Bd4 Rc1 50. Kh2 g6 51. f4 Rd1 52. Be5 Rd3 53. Kg2 h5 54. Kh2 h4 55. Kg2 h3+ 56. Kh2 Rf3 57. Bb8 Rc3 58. Be5 Rd3 59. Bb8 Rf3 60. Be5 Rd3 61. Bb8 Rc3 62. Be5 Rf3 63. Bb8 Rd3 64. Be5 Ne7 65. Rb4 Rf3 66. Rc4+ Kd7 67. Rc7+ Ke8 68. Rc3 Rxf2+ 69. Kxh3 Nd5 70. Kg3 Rd2 71. Rf3 Kd7 72. Kg4 Rg2+ 73. Kh3 Rg1 74. Rg3 Rb1 75. Kg4 Ke7 76. Rh3 Kd7 77. Rg3 Ke7 78. Rh3 Kd7 79. Rg3 Rf1 80. Kg5 Ke7 81. Kg4 Rb1 82. Rh3 1/2-1/2

[Event "USA tt"]
[Site "ICC INT"]
[Date "2013.10.29"]
[Round "10"]
[White "Winer, Steven"]
[Black "Rohde, Michael A"]
[Result "0-1"]
[WhiteElo "2403"]
[BlackElo "2468"]
[PlyCount "88"]
[EventDate "2013.08.27"]
[EventType "team-tourn"]
[EventRounds "10"]
[EventCountry "USA"]
[SourceTitle "EXT 2014"]
[Source "ChessBase"]
[SourceDate "2013.11.20"]
[SourceVersion "1"]
[SourceVersionDate "2013.11.20"]
[SourceQuality "1"]
[WhiteTeam "New England"]
[BlackTeam "Connecticut"]
[WhiteTeamCountry "USA"]
[BlackTeamCountry "USA"]

1. d4 Nf6 2. c4 e6 3. Nc3 Bb4 4. Qc2 c5 5. dxc5 0-0 6. a3 Bxc5 7. Nf3 b6 8. Bf4 Bb7 9. Rd1 a5 10. e3 Qe7 11. Be2 d5 12. Bg5 dxc4 13. e4 h6 14. Bh4 Qc7 15. Bg3 Qc8 16. 0-0 Nbd7 17. Nd2 Qc6 18. Bxc4 Ba6 19. Bxa6 Rxa6 20. Qd3 Raa8 21. Nf3 Rfd8 22. Nd4 Qb7 23. Ndb5 Be7 24. Nd6 Qc6 25. Qb5 Qxb5 26. Ncxb5 Nc5 27. f3 Nh5 28. e5 Nxg3 29. hxg3 a4 30. Kf2 Ra5 31. f4 f6 32. Nc3 Raa8 33. Nc4 fxe5 34. fxe5 Nb3 35. Kf3 Nd4+ 36. Kg4 b5 37. Rf4 Bc5 38. Nd6 Nc6 39. Re4 b4 40. axb4 Bxb4 41. Ncb5 Ra5 42. Kh3 Rxb5 43. Nxb5 Rxd1 44. g4 Rd5 0-1

[Event "USA tt"]
[Site "ICC INT"]
[Date "2013.09.11"]
[Round "3"]
[White "Winer, Steven"]
[Black "Herman, Matthew J"]
[Result "1/2-1/2"]
[WhiteElo "2403"]
[BlackElo "2377"]
[PlyCount "90"]
[EventDate "2013.08.27"]
[EventType "team-tourn"]
[EventRounds "10"]
[EventCountry "USA"]
[SourceTitle "CBM 156 Extra"]
[Source "ChessBase"]
[SourceDate "2013.10.22"]
[SourceVersion "1"]
[SourceVersionDate "2013.10.22"]
[SourceQuality "1"]
[WhiteTeam "New England"]
[BlackTeam "New York"]
[WhiteTeamCountry "USA"]
[BlackTeamCountry "USA"]

1. d4 d5 2. c4 c6 3. Nf3 e6 4. e3 Nd7 5. Bd3 Bd6 6. 0-0 f5 7. b3 Nh6 8. Ba3 Bxa3 9. Nxa3 Qf6 10. b4 0-0 11. b5 dxc4 12. Bxc4 cxb5 13. Nxb5 Nb6 14. Be2 Nf7 15. Qb3 Nd5 16. Na3 b6 17. Rfc1 Bb7 18. Nc4 Rfd8 19. Na5 bxa5 20. Qxb7 Nd6 21. Qa6 f4 22. exf4 Nxf4 23. Bf1 Nh3+ 24. gxh3 Qxf3 25. Bg2 Qf4 26. Qe2 Rab8 27. Qxe6+ Kh8 28. Qe5 Rf8 29. Qxf4 Rxf4 30. Rab1 Rbf8 31. Rc5 Rxf2 32. Rxa5 Nc4 33. Rg5 h6 34. Rg3 Rxa2 35. Bd5 Ra4 36. Bxc4 Rxc4 37. Rb7 Rc1+ 38. Kg2 Rc2+ 39. Kg1 Re8 40. Kf1 Rxh2 41. Rgxg7 Rxh3 42. Rh7+ Kg8 43. Rbg7+ Kf8 44. Rxa7 Kg8 45. Rag7+ Kf8 1/2-1/2

[Event "USA tt"]
[Site "ICC INT"]
[Date "2006.09.20"]
[Round "4"]
[White "Costigan, Richard"]
[Black "Winer, Steven"]
[Result "1-0"]
[WhiteElo "2312"]
[BlackElo "2401"]
[PlyCount "53"]
[EventDate "2006.08.30"]
[EventType "team"]
[EventRounds "10"]
[EventCountry "USA"]
[SourceTitle "CBM 114 Extra"]
[Source "ChessBase"]
[SourceDate "2006.11.03"]
[SourceVersion "1"]
[SourceVersionDate "2006.11.03"]
[SourceQuality "1"]
[WhiteTeam "Philadelphia Masterminds"]
[BlackTeam "Boston Blitz"]
[WhiteTeamCountry "USA"]
[BlackTeamCountry "USA"]

1. e4 c5 2. Nf3 e6 3. b3 b6 4. Bd3 Bb7 5. 0-0 Nf6 6. Re1 d5 7. exd5 Nxd5 8. Bb2 Nd7 9. Bf1 a6 10. d4 N5f6 11. c4 Be7 12. Nc3 0-0 13. Qd2 Bxf3 14. gxf3 cxd4 15. Qxd4 Bc5 16. Qh4 Qe7 17. a3 a5 18. Na4 Bd6 19. f4 Rab8 20. Re3 Rfd8 21. Rg3 g6 22. Rd1 Kg7 23. Rgd3 Bc7 24. Rxd7 Rxd7 25. Rxd7 Qxd7 26. Bxf6+ Kf8 27. Qxh7 1-0

[Event "USA tt"]
[Site "ICC INT"]
[Date "2006.09.06"]
[Round "2"]
[White "Winer, Steven"]
[Black "Rogers, Norman"]
[Result "1-0"]
[WhiteElo "2401"]
[BlackElo "2260"]
[PlyCount "125"]
[EventDate "2006.08.30"]
[EventType "team"]
[EventRounds "10"]
[EventCountry "USA"]
[SourceTitle "CBM 114 Extra"]
[Source "ChessBase"]
[SourceDate "2006.11.03"]
[SourceVersion "1"]
[SourceVersionDate "2006.11.03"]
[SourceQuality "1"]
[WhiteTeam "Boston Blitz"]
[BlackTeam "Philadelphia Masterminds"]
[WhiteTeamCountry "USA"]
[BlackTeamCountry "USA"]

1. d4 Nf6 2. c4 g6 3. Nc3 Bg7 4. e4 0-0 5. Nf3 d6 6. Be2 Nbd7 7. 0-0 e5 8. Be3 a5 9. dxe5 dxe5 10. Nd2 c6 11. c5 Qe7 12. Na4 Ne8 13. Nc4 f5 14. f3 Ndf6 15. Nab6 Rb8 16. Nxc8 Rxc8 17. Qc2 Ra8 18. Nb6 Rd8 19. exf5 gxf5 20. Qxf5 Nd5 21. Nxd5 cxd5 22. Qh3 Nf6 23. Bd3 e4 24. fxe4 Nxe4 25. Qg4 Kh8 26. Rxf8+ Rxf8 27. Bxe4 dxe4 28. Rd1 a4 29. Qd7 Qxd7 30. Rxd7 Bxb2 31. Rxb7 a3 32. Re7 Bf6 33. Ra7 Bb2 34. Ra4 Rd8 35. c6 Rc8 36. Rc4 Kg7 37. Bf4 Kf6 38. c7 Be5 39. Bxe5+ Kxe5 40. Kf2 Kd5 41. Rc2 Kd4 42. Ke2 h5 43. g3 e3 44. Rc6 Kd5 45. Rc3 Kd4 46. Rxa3 Rxc7 47. Ra4+ Kc3 48. Kxe3 Kb2 49. Rh4 Rc5 50. a4 Ra5 51. Rb4+ Kc3 52. Rb5 Rxa4 53. Rxh5 Ra1 54. Rc5+ Kb4 55. Rc8 Rf1 56. h4 Kb5 57. Rc2 Kb4 58. Rf2 Rg1 59. Kf4 Kc4 60. g4 Kd5 61. Kg5 Ke6 62. h5 Ke7 63. h6 1-0

[Event "USA tt"]
[Site "ICC INT"]
[Date "2005.11.02"]
[Round "10"]
[White "Winer, Steven"]
[Black "Enkhbat, Tegshsuren"]
[Result "0-1"]
[WhiteElo "2382"]
[BlackElo "2388"]
[PlyCount "96"]
[EventDate "2005.10.05"]
[EventType "team"]
[EventRounds "10"]
[EventCountry "USA"]
[SourceTitle "CBM 108 Extra"]
[Source "ChessBase"]
[SourceDate "2005.11.04"]
[SourceVersion "1"]
[SourceVersionDate "2005.11.04"]
[SourceQuality "1"]

1. d4 Nf6 2. c4 c6 3. Nc3 d5 4. Nf3 a6 5. cxd5 cxd5 6. Bg5 Ne4 7. Bh4 Nxc3 8. bxc3 g6 9. e3 Bg7 10. c4 Nc6 11. Rc1 Bg4 12. Be2 dxc4 13. Bxc4 Qa5+ 14. Kf1 0-0 15. h3 Bxf3 16. Qxf3 Qa3 17. Rc2 e5 18. dxe5 Nxe5 19. Qe2 Rac8 20. Bb3 b5 21. Bg3 a5 22. Bxe5 Bxe5 23. g3 a4 24. Bd5 Rc5 25. Rxc5 Qxc5 26. Qf3 b4 27. Kg2 Qc2 28. Re1 Qc3 29. Rb1 Kg7 30. Qe4 Bd6 31. Bc6 b3 32. axb3 a3 33. Qd4+ Be5 34. Qa4 a2 35. Qxa2 Qxc6+ 36. Kg1 Qf3 37. b4 h5 38. Qc4 Rd8 39. Qf1 Rd2 40. Qg2 Qf5 41. Rf1 Rb2 42. Qd5 Rxb4 43. f4 Bb8 44. Qxf5 gxf5 45. Kg2 Rb3 46. Re1 Ba7 47. e4 Rb2+ 48. Kf3 Rf2# 0-1

[Event "Vermont CCA/ICC op"]
[Site "Stratton Mountain"]
[Date "2004.06.10"]
[Round "5"]
[White "Winer, Steven"]
[Black "Blatny, Pavel"]
[Result "0-1"]
[WhiteElo "2335"]
[BlackElo "2451"]
[PlyCount "70"]
[EventDate "2004.06.08"]
[EventType "swiss"]
[EventRounds "10"]
[EventCountry "USA"]
[SourceTitle "CBM 100 Extra"]
[Source "ChessBase"]
[SourceDate "2004.07.06"]
[SourceVersion "2"]
[SourceVersionDate "2004.07.06"]
[SourceQuality "1"]

1. d4 g6 2. e4 c6 3. c4 d6 4. Nc3 Bg7 5. Be3 e5 6. Qd2 exd4 7. Bxd4 Nf6 8. f3 0-0 9. 0-0-0 Be6 10. g4 Nbd7 11. g5 Ne8 12. Bxg7 Kxg7 13. f4 f5 14. exf5 Bxf5 15. Nge2 Qa5 16. Nd4 Rd8 17. Bd3 Bxd3 18. Ne6+ Kg8 19. Nxd8 Nc5 20. Qe3 Bf5 21. Rhg1 Ng7 22. Rxd6 Re8 23. Qf2 Nb3+ 24. Kd1 Rxd8 25. Rxd8+ Qxd8+ 26. Ke1 Nc1 27. Qxa7 Nd3+ 28. Ke2 Ne6 29. Rg3 Nexf4+ 30. Kf3 Nh5 31. Qxb7 Ne5+ 32. Kf2 Nxg3 33. hxg3 Qd2+ 34. Ne2 Ng4+ 35. Kf1 Qd1+ 0-1

[Event "Vermont CCA/ICC op"]
[Site "Stratton Mountain"]
[Date "2004.06.09"]
[Round "3"]
[White "Winer, Steven"]
[Black "Ivanov, Alexander"]
[Result "1/2-1/2"]
[WhiteElo "2335"]
[BlackElo "2544"]
[PlyCount "45"]
[EventDate "2004.06.08"]
[EventType "swiss"]
[EventRounds "10"]
[EventCountry "USA"]
[SourceTitle "CBM 100 Extra"]
[Source "ChessBase"]
[SourceDate "2004.07.06"]
[SourceVersion "2"]
[SourceVersionDate "2004.07.06"]
[SourceQuality "1"]

1. d4 b6 2. e4 Bb7 3. Bd3 Nf6 4. Qe2 Nc6 5. Nf3 Nb4 6. Nc3 Nxd3+ 7. Qxd3 d6 8. Bg5 e6 9. 0-0-0 Be7 10. h4 a6 11. d5 e5 12. Bxf6 Bxf6 13. g4 Be7 14. Kb1 Bc8 15. Rdg1 Bd7 16. Nd1 b5 17. Ne3 Qb8 18. c3 Qb6 19. h5 g6 20. Rh2 0-0-0 21. Rgh1 Rhg8 22. hxg6 hxg6 23. Rh7 1/2-1/2

[Event "Foxwoods op 06th"]
[Site "Connecticut"]
[Date "2004.04.09"]
[Round "4"]
[White "Caruana, Fabiano"]
[Black "Winer, Steven"]
[Result "1/2-1/2"]
[WhiteElo "2140"]
[BlackElo "2335"]
[PlyCount "83"]
[EventDate "2004.04.07"]
[EventType "swiss"]
[EventRounds "9"]
[EventCountry "USA"]
[SourceTitle "CBM 099 Extra"]
[Source "ChessBase"]
[SourceDate "2004.05.04"]
[SourceVersion "1"]
[SourceVersionDate "2004.05.04"]
[SourceQuality "1"]

1. e4 c5 2. Nf3 d6 3. d4 Nf6 4. dxc5 Nxe4 5. cxd6 Nc6 6. Bd3 Nxd6 7. h3 g6 8. 0-0 Bg7 9. Nc3 0-0 10. Re1 Nb4 11. Bg5 f6 12. Be3 Nxd3 13. Qxd3 Rf7 14. Bc5 Bf5 15. Qd5 Bf8 16. Nd4 e5 17. Nxf5 Nxf5 18. Qxd8 Rxd8 19. Bxa7 Bb4 20. Red1 Rxd1+ 21. Nxd1 Nd6 22. c3 Ba5 23. Ne3 Nb5 24. Bc5 Rc7 25. Bb4 Bxb4 26. cxb4 Kf7 27. Kf1 Nd4 28. a3 Ke6 29. Rd1 f5 30. Rd2 f4 31. Nd1 Rc1 32. f3 Kd5 33. Kf2 Kc4 34. Nc3 Kb3 35. b5 Nf5 36. Ne4 b6 37. g3 Rh1 38. Kg2 Rb1 39. gxf4 exf4 40. Kf2 Ne3 41. Nc5+ Kc4 42. Nd3 1/2-1/2

[Event "Foxwoods op 06th"]
[Site "Connecticut"]
[Date "2004.04.08"]
[Round "3"]
[White "Winer, Steven"]
[Black "Cherniack, Alex"]
[Result "1/2-1/2"]
[WhiteElo "2335"]
[BlackElo "2255"]
[PlyCount "77"]
[EventDate "2004.04.07"]
[EventType "swiss"]
[EventRounds "9"]
[EventCountry "USA"]
[SourceTitle "CBM 099 Extra"]
[Source "ChessBase"]
[SourceDate "2004.05.04"]
[SourceVersion "1"]
[SourceVersionDate "2004.05.04"]
[SourceQuality "1"]

1. d4 e6 2. c4 f5 3. g3 Nf6 4. Bg2 Be7 5. Nf3 0-0 6. 0-0 d5 7. Qc2 Ne4 8. Nbd2 Nc6 9. e3 Bd7 10. Ne1 Be8 11. Nd3 Rb8 12. f3 Nxd2 13. Bxd2 Bf7 14. c5 Bf6 15. b4 g5 16. b5 Ne7 17. Bc3 Ng6 18. Rad1 Kg7 19. e4 f4 20. Ne5 Qe8 21. Nxf7 Qxf7 22. Rfe1 h5 23. exd5 exd5 24. Bh3 Rbe8 25. c6 bxc6 26. bxc6 Rxe1+ 27. Bxe1 fxg3 28. hxg3 g4 29. fxg4 hxg4 30. Bg2 Bg5 31. Bf2 Ne7 32. Rf1 Qh5 33. Re1 Rh8 34. Qe2 Bf6 35. Qe6 Rd8 36. Bf1 Rh8 37. Bg2 Rd8 38. Bf1 Rh8 39. Bg2 1/2-1/2

[Event "Foxwoods op 05th"]
[Site "Connecticut"]
[Date "2003.04.19"]
[Round "4"]
[White "Wojtkiewicz, Aleksander"]
[Black "Winer, Steven"]
[Result "1/2-1/2"]
[WhiteElo "2566"]
[BlackElo "2317"]
[PlyCount "85"]
[EventDate "2003.04.17"]
[EventType "swiss"]
[EventRounds "7"]
[EventCountry "USA"]
[SourceTitle "CBM 093 Extra"]
[Source "ChessBase"]
[SourceDate "2003.05.09"]
[SourceVersion "1"]
[SourceVersionDate "2003.05.09"]
[SourceQuality "1"]

1. Nf3 d5 2. d4 Nf6 3. c4 c6 4. Qc2 dxc4 5. Qxc4 Bf5 6. g3 e6 7. Bg2 Be7 8. 0-0 Nbd7 9. e3 0-0 10. Qe2 c5 11. Rd1 Rc8 12. Nc3 Ne4 13. Ne1 Ndf6 14. f3 Nxc3 15. bxc3 cxd4 16. e4 Bg6 17. cxd4 Bb4 18. Rb1 Nd5 19. Bd2 Bxd2 20. Qxd2 Nc3 21. Rxb7 Nxd1 22. Qxd1 Qd6 23. Rb2 Rc4 24. Bf1 Rc7 25. Rd2 Rd8 26. Kg2 Rcd7 27. h4 Qb6 28. Nc2 Qc6 29. Bd3 Qc3 30. Bb5 Rb7 31. Ba4 Rb1 32. Qe2 Qb2 33. Ne3 Qa1 34. d5 exd5 35. Nxd5 Rdb8 36. Nf4 Rg1+ 37. Kf2 Rh1 38. Bd1 Rh2+ 39. Ng2 Qe5 40. Qe3 Rh3 41. Nf4 Rh2+ 42. Ng2 Rh3 43. Nf4 1/2-1/2

[Event "Foxwoods op 03rd"]
[Site "Connecticut"]
[Date "2001.04.13"]
[Round "3"]
[White "Finegold, Benjamin"]
[Black "Winer, Steven"]
[Result "1-0"]
[WhiteElo "2511"]
[BlackElo "2326"]
[PlyCount "71"]
[EventDate "2001.04.12"]
[EventType "swiss"]
[EventRounds "7"]
[EventCountry "USA"]
[SourceTitle "CBM 081 Extra"]
[Source "ChessBase"]
[SourceDate "2001.05.06"]
[SourceVersion "1"]
[SourceVersionDate "2001.05.06"]
[SourceQuality "1"]

1. d4 Nf6 2. c4 g6 3. Nc3 d5 4. e3 Bg7 5. Qb3 e6 6. Qa3 Nc6 7. Nf3 Ne7 8. Bd2 0-0 9. Rc1 c6 10. Bd3 Nf5 11. 0-0 Nd6 12. b3 Nfe4 13. Be1 Nxc3 14. Bxc3 Ne4 15. Ba5 Qd7 16. Ne5 Bxe5 17. dxe5 f5 18. exf6 Nxf6 19. Bc3 b6 20. Rcd1 Qf7 21. Qd6 Bb7 22. Qe5 c5 23. Be2 Rad8 24. Bb2 h6 25. Bg4 Rde8 26. Bf3 Qd7 27. Rd2 Kh7 28. Rfd1 Nh5 29. Be4 Nf6 30. Bc2 Qc6 31. Qg3 d4 32. Qxg6+ Kh8 33. Qxh6+ Kg8 34. Qg6+ Kh8 35. exd4 cxd4 36. Rxd4 1-0

[Event "USA-chT Amateur East"]
[Site "Parsippany"]
[Date "2001.02.19"]
[Round "6"]
[White "Ortega, Anthony"]
[Black "Winer, Steven"]
[Result "0-1"]
[WhiteElo "2240"]
[BlackElo "2326"]
[PlyCount "98"]
[EventDate "2001.02.17"]
[EventType "team"]
[EventRounds "6"]
[EventCountry "USA"]
[SourceTitle "EXT 2002"]
[Source "ChessBase"]
[SourceDate "2001.11.25"]
[SourceVersion "1"]
[SourceVersionDate "2001.11.25"]
[SourceQuality "1"]

1. d4 Nf6 2. Nf3 g6 3. c4 Bg7 4. Nc3 d5 5. cxd5 Nxd5 6. e4 Nxc3 7. bxc3 c5 8. Be3 Nc6 9. Qd2 Qa5 10. Rb1 0-0 11. Rb5 cxd4 12. Rxa5 dxe3 13. Qxe3 Nxa5 14. Be2 Be6 15. 0-0 b6 16. a4 Rfc8 17. Nd4 Nc4 18. Qg5 Bf6 19. Qc1 Bd7 20. f4 e5 21. Nb5 Bxb5 22. axb5 Nd6 23. Qe3 Rc5 24. f5 Kg7 25. fxg6 hxg6 26. c4 Be7 27. Qf3 Rh8 28. g3 Rf8 29. Ra1 Rc7 30. Ra4 Nc8 31. Qc3 Bc5+ 32. Kg2 Bd4 33. Qa3 f5 34. h4 fxe4 35. Bg4 e3 36. Kh3 Rf1 37. Qd3 Rh1+ 38. Kg2 Rc1 39. Kh3 Nd6 40. h5 gxh5 41. Bxh5 Rh1+ 42. Kg4 Kh8 43. Bg6 Rh2 44. Qf1 Kg7 45. Bd3 Ne8 46. Kg5 e4 47. Bxe4 e2 48. Qf5 Be3+ 49. Kg4 Nf6+ 0-1

[Event "USA-chT Amateur East"]
[Site "Parsippany"]
[Date "2001.02.19"]
[Round "5"]
[White "Winer, Steven"]
[Black "Rohde, Michael A"]
[Result "0-1"]
[WhiteElo "2326"]
[BlackElo "2526"]
[PlyCount "42"]
[EventDate "2001.02.17"]
[EventType "team"]
[EventRounds "6"]
[EventCountry "USA"]
[SourceTitle "EXT 2002"]
[Source "ChessBase"]
[SourceDate "2001.11.25"]
[SourceVersion "1"]
[SourceVersionDate "2001.11.25"]
[SourceQuality "1"]

1. d4 Nf6 2. c4 e6 3. Nc3 Bb4 4. e3 0-0 5. Bd3 d5 6. cxd5 exd5 7. Nge2 Re8 8. f3 Nbd7 9. 0-0 c5 10. Bc2 Ba5 11. Nf4 cxd4 12. exd4 Nf8 13. Qd3 Ng6 14. Bb3 Qd6 15. g3 Bd7 16. Nxg6 hxg6 17. Bf4 Qb6 18. Rfd1 Bxc3 19. Qxc3 Re2 20. Re1 Rae8 21. Be3 R8xe3 0-1

[Event "USA-chT Amateur East"]
[Site "Parsippany"]
[Date "2001.02.18"]
[Round "4"]
[White "Zaremba, Andrie"]
[Black "Winer, Steven"]
[Result "1/2-1/2"]
[WhiteElo "2293"]
[BlackElo "2326"]
[PlyCount "72"]
[EventDate "2001.02.17"]
[EventType "team"]
[EventRounds "6"]
[EventCountry "USA"]
[SourceTitle "EXT 2002"]
[Source "ChessBase"]
[SourceDate "2001.11.25"]
[SourceVersion "1"]
[SourceVersionDate "2001.11.25"]
[SourceQuality "1"]

1. d4 Nf6 2. Nf3 g6 3. g3 Bg7 4. Bg2 0-0 5. 0-0 d6 6. c4 Nbd7 7. Nc3 e5 8. e4 exd4 9. Nxd4 Re8 10. Re1 a6 11. h3 Rb8 12. Bf4 Ne5 13. b3 Bd7 14. Rc1 b5 15. cxb5 axb5 16. Nd5 c5 17. Nf3 Nxd5 18. Bxe5 Bxe5 19. Qxd5 Be6 20. Qd2 c4 21. Nxe5 dxe5 22. Qb4 Qc7 23. Re3 Qa7 24. Re2 Red8 25. Rb2 Rd4 26. bxc4 Bxc4 27. a3 Rbd8 28. Kh2 R8d6 29. a4 Bd3 30. Rc8+ Kg7 31. Qc3 Qxa4 32. Qc5 f6 33. Rc7+ Rd7 34. Qc6 Rxc7 35. Qxc7+ Kf8 36. Qc8+ Kg7 1/2-1/2

[Event "USA-ch U20"]
[Site "Tulsa"]
[Date "2001.??.??"]
[Round "1"]
[White "Winer, Steven"]
[Black "Andrews, Todd D"]
[Result "1-0"]
[WhiteElo "2331"]
[BlackElo "2306"]
[PlyCount "95"]
[EventDate "2001.??.??"]
[EventType "tourn"]
[EventRounds "9"]
[EventCountry "USA"]
[EventCategory "4"]
[SourceTitle "EXT 2006"]
[Source "ChessBase"]
[SourceDate "2005.11.24"]
[SourceVersion "1"]
[SourceVersionDate "2005.11.24"]
[SourceQuality "1"]

1. d4 Nf6 2. c4 c5 3. d5 b5 4. cxb5 a6 5. b6 Qxb6 6. Nc3 g6 7. Nf3 Bg7 8. e4 d6 9. Nd2 0-0 10. Be2 Nbd7 11. 0-0 a5 12. Nc4 Qd8 13. Na3 Ba6 14. Nab5 Qb8 15. a4 Rc8 16. Qc2 Ne8 17. Bg5 Qb6 18. Bg4 Ne5 19. Bxc8 Rxc8 20. Rad1 Nc7 21. Bxe7 Bxb5 22. axb5 Nxb5 23. Nxb5 Qxb5 24. Bxd6 Nc4 25. e5 Nxd6 26. exd6 Rd8 27. Qe4 Rxd6 28. Qe7 Qd7 29. Qxd7 Rxd7 30. Rd2 Bd4 31. Ra1 Rxd5 32. Rxa5 Re5 33. g3 Kg7 34. Kg2 Re6 35. Rb5 Ra6 36. Rb7 h5 37. b4 Bc3 38. Rdd7 cxb4 39. Rxf7+ Kh6 40. h4 g5 41. Rh7+ Kg6 42. hxg5 Ra2 43. Rhd7 Ra5 44. f4 Ra3 45. Rd5 Be1 46. Rb6+ Kf7 47. Rd7+ Ke8 48. Rh7 1-0